| 000 | 00668nam a2200193 4500 | ||
|---|---|---|---|
| 003 | AM-YeHGA | ||
| 005 | 20250617153357.0 | ||
| 008 | 170830b xxu||||| |||| 00| 0 rus d | ||
| 040 | _aAM-YeHGA | ||
| 041 | 0 | _arus | |
| 100 | 1 | _aШишков, Вячеслав Яковлевич | |
| 245 | 1 | 0 |
_aТайга : _bПовесть; Холодный край : Рассказы / _cВячеслав Шишков. |
| 260 |
_aКрасноярск : _bКн. изд-во, _c1979 |
||
| 300 |
_a431 с., _bпортр. |
||
| 440 | 0 | _aПисатели на берегах Енисея | |
| 653 | 0 | _aСоветская литература | |
| 942 |
_2udc _cBK |
||
| 090 | _c391857 | ||
| 999 |
_c389853 _d389853 |
||